MARC

LEADER 00000nam0a2200000 4500
001 286160
005 20231101235851.0
020 |a RU  |b 85-50489 
035 |a (RuTPU)RU\TPU\book\310453 
090 |a 286160 
100 |a 20150303d1985 k y0rusy5003 ca 
101 0 |a rus 
102 |a RU 
105 |a y z 000zd 
200 1 |a Фрейдизм и религия  |f М. А. Попова  |g Академия наук СССР (АН СССР), Институт философии (ИФ) 
210 |a Москва  |c Наука  |d 1985 
215 |a 200 с. 
600 1 |a Фрейд  |g Зигмунд  |b З.  |f 1856-1939  |c австрийский врач-психиатр  |c психолог  |c основатель психоанализа  |2 stltpush  |3 (RuTPU)RU\TPU\pers\479 
600 1 |a Юнг  |g Карл Густав  |b К. Г.  |f 1875-1961  |c швейцарский психолог  |c философ  |2 stltpush  |3 (RuTPU)RU\TPU\pers\987 
600 1 |a Фромм  |g Эрих  |b Э.  |c немецко-американский философ  |c психолог  |c социолог  |f 1900-1980  |2 stltpush  |3 (RuTPU)RU\TPU\pers\515 
606 1 |a Фрейдизм  |x История философии  |2 stltpush  |3 (RuTPU)RU\TPU\subj\16942  |9 42821 
606 1 |a Философия религии  |2 stltpush  |3 (RuTPU)RU\TPU\subj\63892  |9 80824 
610 1 |a религия 
610 1 |a психоанализ 
610 1 |a бессознательное 
610 1 |a психодинамика 
610 1 |a личность 
610 1 |a религиоведение 
610 1 |a происхождение 
610 1 |a атеизм 
686 |a Ю3(0)6-674  |2 rubbk 
686 |a Э210.0  |2 rubbk 
700 1 |a Попова  |b М. А.  |g Марта Анатольевна  |4 070 
712 0 2 |a Академия наук СССР (АН СССР)  |b Институт философии (ИФ)  |2 stltpush  |3 (RuTPU)RU\TPU\col\11338 
801 0 |a RU  |b RuMRKP  |c 19950704  |g psbo 
801 1 |a RU  |b 63413507  |c 20150303 
801 2 |a RU  |b 63413507  |c 20170214  |g RCR 
942 |c BK